|
|
|
|
| LEADER |
00000naa2a2200000 4500 |
| 001 |
422494 |
| 005 |
20231101073802.0 |
| 035 |
|
|
|a (RuTPU)RU\TPU\prd\80378
|
| 035 |
|
|
|a RU\TPU\tpu\11202
|
| 090 |
|
|
|a 422494
|
| 100 |
|
|
|a 20100415a1976 k y0rusy50 ca
|
| 101 |
0 |
|
|a rus
|
| 102 |
|
|
|a RU
|
| 200 |
1 |
|
|a Уточнение расчета наклонных стержней подвесок вибротранспортов с винтовыми лотками
|f Ю. Я. Ковылин
|
| 320 |
|
|
|a Библиогр.: 14 назв.
|
| 461 |
|
1 |
|0 (RuTPU)RU\TPU\prd\411
|x 0015-3273
|t Физико-технические проблемы разработки полезных ископаемых
|f Сибирское отделение АН СССР
|d 1965-
|
| 463 |
|
1 |
|0 (RuTPU)RU\TPU\prd\28408
|t № 1
|v с. 41-45
|d 1976
|
| 610 |
1 |
|
|a стержни
|
| 610 |
1 |
|
|a вибротранспорт
|
| 610 |
1 |
|
|a подвески
|
| 610 |
1 |
|
|a расчет
|
| 610 |
1 |
|
|a винтовые лотки
|
| 610 |
1 |
|
|a труды учёных ТПУ
|
| 700 |
|
1 |
|a Ковылин
|b Ю. Я.
|
| 801 |
|
1 |
|a RU
|b 63413507
|c 20030710
|g PSBO
|
| 801 |
|
2 |
|a RU
|b 63413507
|c 20100415
|g RCR
|
| 942 |
|
|
|c BK
|